000 00719nam a22001695i 4500
001 171769
003 ES-MaACL
005 20230906214727.0
008 090529s1896 sp |||| | spa d
245 0 0 _aReglamento general de la Exposición Centro-Americana decretada por la Asamblea Legislativa de la República de Guatemala el 8 de mayo de 1894.
260 _aMadrid :
_b[s.n.],
_c1896 (
_fTip. de Tomás Minuesa de los Ríos)
300 _a46 p. ;
_c23 cm.
611 2 4 _aExposición Centro-Americana.
_d1897.
_cGuatemala)
_9140397
710 2 _aGuatemala.
_bAsamblea Legislativa.
_9140396
852 _aES-MaACL
_jT-893-F-5
852 _aES-MaACL
_jT-808-F-7
_z.- Enc. en un vol. facticio conservando la cub. original
999 _c171769
_d171769